| 000 | 00733nam a2200241 i 4500 | ||
|---|---|---|---|
| 001 | bg | ||
| 100 | 1 | _aDAVIS, Julian L. | |
| 245 | 1 | 0 |
_aMathematics of wave propagation / _cJulian L. Davis. |
| 260 |
_aPrinceton, NJ : _bPrinceton University Press, _c2000. |
||
| 300 |
_aXV, 395 s. : _brys., wykr. ; _c24 cm. |
||
| 504 | _aBibliogr. - Indeks. | ||
| 650 | 9 |
_aMatematyka _xstosowanie |
|
| 650 | 9 |
_aRuch falowy _xteoria |
|
| 650 | 9 |
_aFale _xteoria |
|
| 020 | _a0691026432 | ||
| 040 | _cBPK | ||
| 041 | 0 | _aen | |
| 080 | _a51:53 | ||
| 920 | _a0-691-02643-2 | ||
| 942 | _cKS | ||
| 008 | s pl f |000 0 pol | ||
| 999 |
_c40550 _d40550 |
||
| 856 |
_uhttp://koha.tu.koszalin.pl/cgi-bin/koha/opac-detail.pl?biblionumber=40550 _yKatalog online BPK |
||